Normal view
MARC view
- Pescadero, Daisy P.
Entry Personal Name
001 - CONTROL NUMBER
- control field: 9120
003 - CONTROL NUMBER IDENTIFIER
- control field: OSt
005 - DATE AND TIME OF LATEST TRANSACTION
- control field: 20160526172451.0
008 - FIXED-LENGTH DATA ELEMENTS
- fixed length control field: 160526|| aca||aabn | a|a d
040 ## - CATALOGING SOURCE
- Original cataloging agency: OSt
100 ## - HEADING--PERSONAL NAME
- Personal name: Pescadero, Daisy P.
